• 首页
  • 本馆介绍
  • 公告通知
  • 最新文献
  • 馆藏检索
  • 电子资源
  • 读者导购
  • 参考咨询
  • 我的图书馆
  • 登录
  • 详细信息显示
  • 放入我的书架
  • 预约/预借图书
  • 作者相关作品
  • 分类相关作品
  • 丛书相关作品
  • 出版社相关作品

书目信息

  • 表格格式
  • 工作单格式
  • 卡片格式
题名:
安全驾驶从这里开始
    
 
作者: ;交通部 编
分册:  
出版信息: 北京   人民交通出版社股份有限公司  2018重印
页数: 189页
开本: 24cm
丛书名:
单 册:
中图分类: U471.15
科图分类:
主题词: 汽车驾驶--安全技术--技术培训--教材
电子资源:
ISBN: 978-7-114-12892-9
000 00900nam0 2200253 45
001 012001002447
005 20191121111308.43
010    @a978-7-114-12892-9@dCNY40.00
100    @a20161028d2016 em y0chiy50 ea
101 0  @achi
102    @aCN@b110000
105    @aa z 001yy
106    @ar
200 1  @a安全驾驶从这里开始@Aan quan jia shi cong zhe li kai shi@f中华人民共和国交通运输部[编]
205    @a3版
210    @a北京@c人民交通出版社股份有限公司@d2018重印
215    @a189页@c图@d24cm
300    @a中华人民共和国机动车驾驶培训教材
330    @a本书共分8章,包括法律、法规;交通信号;车辆知识;驾驶操作训练;安全文明驾驶;恶劣气象和复杂道路等条件下的驾驶;紧急情况处置;交通事故分析等内容。
606 0  @a汽车驾驶@x安全技术@x技术培训@j教材
690    @aU471.15@v5
711 02 @a交通部@Ajiao tong bu@4编
801  0 @aCN@b北京卓展@c20191020
905    @b1203474-6@dU471.15@e872=3@f3
    
    安全驾驶从这里开始/中华人民共和国交通运输部[编].-3版.-北京:人民交通出版社股份有限公司,2018重印
    189页:图;24cm
    中华人民共和国机动车驾驶培训教材
    
    ISBN 978-7-114-12892-9:CNY40.00
    本书共分8章,包括法律、法规;交通信号;车辆知识;驾驶操作训练;安全文明驾驶;恶劣气象和复杂道路等条件下的驾驶;紧急情况处置;交通事故分析等内容。
●
相关链接 在E读中查询图书 在五车中查询图书 在当当中查询图书 在豆瓣中查询图书


正题名:安全驾驶从这里开始     索取号:U471.15/872=3         预约/预借

序号 登录号 条形码 馆藏地/架位号 状态 备注
1 1203474   212034742   第二样本阅览室/ [索取号:U471.15/872=3] 在馆    
2 1203475   212034751   第三借阅区/ [索取号:U471.15/872=3] 在馆    
3 1203476   212034760   第三借阅区/ [索取号:U471.15/872=3] 在馆    
唐山师范学院图书馆 欢迎您!
大连网信软件有限公司© 版权所有